Т. 3: Механика деформируемого твердого тела; Механика и научно-технический прогресс

Bibliographic Details
Parent link:Механика и научно-технический прогресс: в 4 т./ Академия наук СССР, Отделение проблем машиностроения, механики и процессов управления ; под ред. К. В. Фролова. Т. 3: Механика деформируемого твердого тела.— , 1987
Other Authors: Арутюнян Н. Х. (редактор), Образцов И. Ф., Партон В. З.
Language:Russian
Published: 1988
Subjects:
Format: Book
KOHA link:https://koha.lib.tpu.ru/cgi-bin/koha/opac-detail.pl?biblionumber=215451

MARC

LEADER 00000nam2a2200000 4500
001 215451
005 20231101225952.0
010 |a 5020066052 
035 |a (RuTPU)RU\TPU\book\235373 
090 |a 215451 
100 |a 20120511d1988 k y0rusy50 ca 
101 0 |a rus 
102 |a RU 
105 |a a z 001zy 
200 0 |a Т. 3: Механика деформируемого твердого тела  |f под ред. Н. Х. Арутюняна; И. Ф. Образцова; В. З. Партона 
210 |d 1988 
215 |a 268 с.  |c ил. 
320 |a Библиография в конце глав. 
461 1 |0 (RuTPU)RU\TPU\book\144010  |t Механика и научно-технический прогресс  |o в 4 т.  |f Академия наук СССР, Отделение проблем машиностроения, механики и процессов управления ; под ред. К. В. Фролова  |v Т. 3: Механика деформируемого твердого тела  |d 1987 
606 1 |a Механика  |2 stltpush  |3 (RuTPU)RU\TPU\subj\67812  |9 83462 
610 1 |a механика 
610 1 |a научно-технический прогресс 
610 1 |a твердое тело 
610 1 |a усталостные трещины 
610 1 |a надежность 
610 1 |a разрушение 
610 1 |a стеклооболочечные конструкции 
610 1 |a микродефекты 
610 1 |a задачи 
610 1 |a трибология 
610 1 |a численное моделирование 
610 1 |a частоты 
610 1 |a распределение 
610 1 |a уединенные волны 
675 |a 531  |v 3 
675 |a 539.3  |v 3 
702 1 |a Арутюнян  |b Н. Х.  |4 340 
702 1 |a Образцов  |b И. Ф.  |4 340 
702 1 |a Партон  |b В. З.  |4 340 
801 1 |a RU  |b 63413507  |c 20120511 
801 2 |a RU  |b 63413507  |c 20140620  |g RCR 
942 |c BK